000 01291cam a22003377a 4500
003 CHAP
005 20220329142608.0
008 020314d1988 mx r 00110 spa d
010 _a85462
011 _a86434
020 _a9687681144
035 _a96972
040 _cCHAP
082 0 4 _a350
_bR5 2000
100 0 0 _aRío González, Cristóbal del.
_999114
245 1 3 _aEl presupuesto :
_bgeneralidades, tradicional, áreas y niveles de responsabilidad, programas y actividades, base cero, y así como teoría y práctica
_c/por Cristóbal del Río González
250 _a9 ed.
260 _aMéxico, D.F. :
_bECAFSA,
_c2000.
300 _a290 p. (c.a.):
_bgráfs.
590 _aBATCH-UPD
_b10
_c20130110
_lUCH01
_h1237
590 _aBATCH-UPD
_b10
_c20130410
_lUCH01
_h0804
590 _aBATCH-UPD
_b10
_c20130914
_lUCH01
_h1410
590 _aCONVERSION
_b10
_c20130109
_lUCH01
_h1347
650 1 4 _aFinanzas públicas
_zMéxico.
_940975
650 1 4 _aPolítica económica
_zMéxico.
_990535
650 1 4 _aPresupuesto
_xMéxico.
_991545
901 _aBK
905 _aMayto Villalobos S.
942 _cLIBRO
949 _a350 R5 2000
_bBC
_cLIBRO
_d33724000866232
_eLIBRO
_h102220
_i96972
_mSustituye a: ælvarez, OriØn, Sistema de presupuesto por programas de actividades, 351.72 A5, A.37503,
_si
999 _c85462
_d85462